[Event "10th Balagne Rapid KO"]
[Site "Calvi FRA"]
[Date "2013.04.14"]
[Round "1.1"]
[White "Bacrot,E"]
[Black "Bedini,L"]
[Result "1-0"]
[WhiteElo "2705"]
[BlackElo "1721"]
[ECO "B57"]

1.e4 c5 2.Nc3 Nc6 3.Nf3 d6 4.d4 cxd4 5.Nxd4 Nf6 6.Bc4 g6 7.Nxc6 bxc6 8.e5 d5
9.exf6 dxc4 10.Qxd8+ Kxd8 11.Bg5 h6 12.O-O-O+ Ke8 13.fxe7 Bxe7 14.Bxe7 Kxe7
15.Rhe1+ Kf6 16.Rd6+ Be6 17.Rxc6 Kg7 18.Rc7 Rhe8 19.Re3 a5 20.g3 Kg8 21.Rc5 a4
22.a3 Red8 23.Re1 h5 24.h4 Ra7 25.Rd1 Rxd1+ 26.Nxd1 Kf8 27.Ne3 Ke7 28.Nxc4 Bg4
29.Ne3 Kd6 30.Rd5+ Ke6 31.Rd4 Bf3 32.Kd2 Bc6 33.Kc3 Re7 34.b3 axb3 35.cxb3 Kf6
36.Rd6+ Re6 37.Rxe6+ Kxe6 38.Kd4  1-0

[Event "23rd ch-SLO 2013"]
[Site "Sentjur SLO"]
[Date "2013.04.14"]
[Round "9.24"]
[White "Vidic,Teja"]
[Black "Cretnik,Urban"]
[Result "1-0"]
[WhiteElo "1894"]
[BlackElo "1806"]
[ECO "B30"]

1.e4 c5 2.Nf3 Nc6 3.Nc3 e5 4.Bc4 Be7 5.d3 d6 6.O-O Nf6 7.Ng5 O-O 8.f4 h6
9.Nf3 exf4 10.Bxf4 Be6 11.Nd5 Bxd5 12.Bxd5 Nxd5 13.exd5 Nb4 14.c4 Bf6 15.a3 Na6
16.Rb1 Qc7 17.Kh1 b6 18.Nd2 Bg5 19.Bxg5 hxg5 20.Qg4 f6 21.Qe6+ Kh7 22.Rf3 Rae8
23.Rh3+ Kg6 24.Qg4 Rh8 25.Rxh8 Rxh8 26.Qe4+ Kf7 27.Qe6+ Kg6 28.Rf1 Kh6 29.Qh3+  1-0

[Event "FSGM April 2013"]
[Site "Budapest HUN"]
[Date "2013.04.15"]
[Round "9.5"]
[White "Kovalev,An"]
[Black "Arngrimsson,D"]
[Result "1/2-1/2"]
[WhiteElo "2465"]
[BlackElo "2392"]
[ECO "B34"]

1.e4 c5 2.Nc3 Nc6 3.Nf3 g6 4.d4 cxd4 5.Nxd4 Bg7 6.Be3 d6 7.Bc4 Nf6 8.h3 O-O
9.Bb3 Na5 10.O-O b6 11.Re1 Bb7 12.Bg5  1/2-1/2

[Event "7th Agzamov Memorial"]
[Site "Tashkent UZB"]
[Date "2013.04.15"]
[Round "2"]
[White "Kazakov,K"]
[Black "Haylaev,A"]
[Result "1-0"]
[WhiteElo "2309"]
[BlackElo "2111"]
[ECO "B30"]

1.e4 c5 2.Nf3 Nc6 3.Nc3 Nf6 4.Bb5 a6 5.Bxc6 dxc6 6.h3 g6 7.O-O Bg7 8.d3 O-O
9.Be3 b6 10.Qd2 Ne8 11.Bh6 Nc7 12.Bxg7 Kxg7 13.Rae1 Ne6 14.Ne5 Nd4 15.f4 f6
16.Nf3 Be6 17.Ne2 Nxe2+ 18.Rxe2 Qd7 19.Qe1 Rae8 20.b3 a5 21.a4 Qc7 22.Nh4 Bc8
23.f5 e5 24.fxg6 hxg6 25.Qg3 g5 26.Nf5+ Bxf5 27.Rxf5 Rh8 28.h4 Qd8 29.hxg5 Qd4+
30.Ref2 Qa1+ 31.Rf1 Qd4+ 32.Qf2 Qxf2+ 33.R1xf2  1-0

[Event "7th Agzamov Memorial"]
[Site "Tashkent UZB"]
[Date "2013.04.17"]
[Round "4"]
[White "Kazakov,K"]
[Black "Khakimov,Ulmasbek"]
[Result "1-0"]
[WhiteElo "2309"]
[BlackElo "2009"]
[ECO "B30"]

1.e4 c5 2.Nf3 Nc6 3.Nc3 Nf6 4.Bb5 a6 5.Bxc6 bxc6 6.O-O d6 7.e5 Nd5 8.Re1 Nxc3
9.dxc3 d5 10.h3 e6 11.Be3 Be7 12.Qd2 O-O 13.Bg5 Bxg5 14.Nxg5 h6 15.Nf3 Qe7
16.Rad1 a5 17.Nh2 Ba6 18.Ng4 Kh7 19.f4 Rab8 20.b3 c4 21.Qf2 cxb3 22.cxb3 Bc8
23.Rd3 Bd7 24.Rg3 c5 25.Ne3 f5 26.exf6 Qxf6 27.Ng4 Qxf4 28.Rf3 Qd6 29.Rf7 Rxf7
30.Qxf7 Kh8 31.Ne5 Rd8 32.Qg6 Be8 33.Qxe8+  1-0

[Event "ch-LAT w 2013"]
[Site "Riga LAT"]
[Date "2013.04.19"]
[Round "8.4"]
[White "Otikova,Elina"]
[Black "Golubeva,Marija"]
[Result "1-0"]
[WhiteElo "1926"]
[BlackElo "1787"]
[ECO "B34"]

1.e4 c5 2.Nf3 Nc6 3.Nc3 g6 4.d4 cxd4 5.Nxd4 Bg7 6.Be3 d6 7.Qd2 Nf6 8.f3 Bd7
9.g4 a6 10.Be2 b5 11.g5 Nh5 12.f4 Nxd4 13.Bxd4 e5 14.fxe5 dxe5 15.Be3 O-O
16.Bxh5 gxh5 17.O-O-O Bg4 18.Nd5 Bf3 19.Bb6 Qb8 20.Qe3 Bxh1 21.Rxh1 Qd6 22.Bc5 Qe6
23.Bxf8 Rxf8 24.Rg1 Kh8 25.Qf3 Qg6 26.Nf6 Bxf6 27.Qxf6+ Qxf6 28.gxf6 Rg8
29.Rxg8+ Kxg8 30.Kd2 Kf8 31.Kd3 Ke8 32.c4 b4 33.c5 Kd7 34.Kc4 a5 35.Kb5 Ke6
36.Kb6  1-0

[Event "Zonal 2.5 2013"]
[Site "Montevideo URU"]
[Date "2013.04.20"]
[Round "2.10"]
[White "Ibanez,Ro"]
[Black "Larrea,M"]
[Result "0-1"]
[WhiteElo "2009"]
[BlackElo "2308"]
[ECO "B59"]

1.e4 c5 2.Nf3 Nc6 3.Nc3 d6 4.d4 cxd4 5.Nxd4 Nf6 6.Be2 e5 7.Nb3 Be7 8.O-O O-O
9.Kh1 a5 10.a4 Nb4 11.f4 b6 12.Bf3 Bb7 13.Re1 Qc7 14.Qe2 Bc6 15.Qf2 Qb7 16.Re2 Rfe8
17.Qg3 Bf8 18.fxe5 dxe5 19.Bg5 Nd7 20.Rf1 f6 21.Bc1 Nc5 22.Nxc5 Bxc5 23.Bh5 Rf8
24.Bg4 Rae8 25.Qh4 Qf7 26.Be3 Bxe3 27.Rxe3 Nxc2 28.Rh3 g5 29.Qf2 Nd4 30.Bh5 Qe7
31.Bxe8 Qxe8 32.Nd5 Bxd5 33.exd5 Qd7 34.Rh6 f5 35.Qe3 Qxd5 36.Qxg5+ Kh8 37.Qh4 Qb7
38.Rc1 f4 39.Qf2 Rg8 40.Rd6 f3 41.g3 Ne2 42.Rcc6 e4 43.Rxb6 Rc8 44.Qe3 Qc7
45.Rd1 Qc2 46.Rbd6 Nxg3+  0-1

[Event "Zonal 2.5 2013"]
[Site "Montevideo URU"]
[Date "2013.04.20"]
[Round "3.2"]
[White "Larrea,M"]
[Black "Vasquez Schroeder,R"]
[Result "0-1"]
[WhiteElo "2308"]
[BlackElo "2547"]
[ECO "B23"]

1.e4 c5 2.Nc3 Nc6 3.Bb5 Nd4 4.Ba4 a6 5.d3 e6 6.Nf3 b5 7.Bb3 Nxb3 8.axb3 Bb7
9.O-O d6 10.Re1 Nf6 11.h3 Be7 12.Ne2 O-O 13.Ng3 Nd7 14.Qe2 Qc7 15.Bg5 f6
16.Bd2 Ne5 17.Nh2 Nc6 18.Qg4 Qd7 19.Nh5 Rf7 20.Nf4 Nd4 21.Qd1 e5 22.Nd5 Bxd5
23.exd5 Qb7 24.c3 Nf5 25.Qg4 g6 26.Qe4 Bf8 27.Ra3 Ne7 28.c4 f5 29.Qe2 Bg7
30.Bg5 h6 31.Bxe7 Rxe7 32.Rea1 e4 33.dxe4 Rxe4 34.Qc2 bxc4 35.bxc4 Qxb2 36.Qxb2 Bxb2
37.Rxa6 Rxa6 38.Rxa6 Re1+ 39.Nf1 Be5 40.g3 Rc1 41.f4 Bd4+ 42.Kg2 Rc2+ 43.Kh1 Rxc4
44.Rxd6 Rc1 45.Kg2 Rc2+ 46.Kh1 Kf7 47.Rd7+ Ke8 48.Rc7 c4 49.Nh2 Kd8 50.d6 Rc1+
51.Kg2 Rg1+ 52.Kf3 c3 53.Rc4 Kd7 54.g4 h5 55.gxh5 gxh5 56.h4 Rd1 57.Kg3 Kxd6
58.Nf3 Kd5 59.Rc7 Bc5  0-1

[Event "TCh-NED Meesterklasse 2012-13"]
[Site "Netherland NED"]
[Date "2013.04.20"]
[Round "9.8"]
[White "Carlier,B"]
[Black "Nijboer,F"]
[Result "1-0"]
[WhiteElo "2393"]
[BlackElo "2535"]
[ECO "B23"]

1.e4 c5 2.Nc3 Nc6 3.Bb5 Nd4 4.Nf3 a6 5.Bd3 Nc6 6.O-O d6 7.Re1 e6 8.b3 g5
9.Kh1 Bg7 10.Bb2 h5 11.Na4 e5 12.Nc3 g4 13.Ng1 Nge7 14.Rf1 Bd7 15.a3 Nd4
16.Nce2 Ne6 17.f4 gxf3 18.Nxf3 h4 19.Bc4 Ng6 20.Bd5 Qc7 21.b4 Bc6 22.c4 Qd7
23.d3 f6 24.Nfg1 Nc7 25.Nc3 Nf4 26.Nce2 Nfe6  1-0

[Event "TCh-NED Meesterklasse 2012-13"]
[Site "Netherland NED"]
[Date "2013.04.20"]
[Round "9.8"]
[White "Carlier,B"]
[Black "Nijboer,F"]
[Result "1-0"]
[WhiteElo "2393"]
[BlackElo "2535"]
[ECO "B23"]

1.e4 c5 2.Nc3 Nc6 3.Bb5 Nd4 4.Nf3 a6 5.Bd3 Nc6 6.O-O d6 7.Re1 e6 8.b3 g5
9.Kh1 Bg7 10.Bb2 h5 11.Na4 e5 12.Nc3 g4 13.Ng1 Nge7 14.Rf1 Bd7 15.a3 Nd4
16.Nce2 Ne6 17.f4 gxf3 18.Nxf3 h4 19.Bc4 Ng6 20.Bd5 Qc7 21.b4 Bc6 22.c4 Qd7
23.d3 f6 24.Nfg1 Nc7 25.Nc3 Nf4 26.Nce2 Ba4 27.Qd2 Nfxd5 28.cxd5 cxb4 29.axb4 Bb5
30.Ra3 Qg4 31.Rc3 Qd7 32.d4 Rc8 33.dxe5 dxe5 34.Qe3 Na8 35.Rfc1 Rxc3 36.Rxc3 O-O
37.Nf3 h3 38.Ng3 hxg2+ 39.Kxg2 Qg4 40.Kf2 f5 41.Nxf5 Bf6  1-0

[Event "ch-LTU w 2013"]
[Site "Vilnius LTU"]
[Date "2013.04.20"]
[Round "1.2"]
[White "Daulyte,D"]
[Black "Kalvyte,V"]
[Result "1/2-1/2"]
[WhiteElo "2317"]
[BlackElo "2100"]
[ECO "B23"]

1.e4 c5 2.Nc3 Nc6 3.Bb5 Nd4 4.Nf3 a6 5.Bd3 e6 6.Nxd4 cxd4 7.Ne2 Bc5 8.O-O Ne7
9.b4 Ba7 10.f4 O-O 11.Bb2 Nc6 12.a3 f6 13.Kh1 d5 14.Ng3 dxe4 15.Nxe4 f5 16.Ng5 h6
17.Nf3 Bd7 18.Qe2 Qc7 19.g3 b5 20.c4 dxc3 21.Bxc3 Qb7 22.Qg2 Ne7 23.Ne5 Qxg2+
24.Kxg2 Bc8 25.Be2 Bb7+ 26.Bf3 Bxf3+ 27.Kxf3 Rfd8 28.a4 Bb6 29.axb5 axb5
30.Rxa8 Rxa8 31.Nd7 Nd5 32.Re1 Kf7 33.Ne5+ Ke7 34.Ng6+ Kf7 35.Ne5+ Ke7 36.Ng6+ Kf7
37.Ne5+ Ke7 38.Ng6+ Kf7  1/2-1/2

[Event "ch-LTU w 2013"]
[Site "Vilnius LTU"]
[Date "2013.04.20"]
[Round "6.4"]
[White "Daulyte,D"]
[Black "Zaksaite,S"]
[Result "1/2-1/2"]
[WhiteElo "2317"]
[BlackElo "2152"]
[ECO "B23"]

1.e4 c5 2.Nc3 Nc6 3.Nf3 e6 4.Be2 e5 5.Bc4 g6 6.d3 h6 7.Be3 d6 8.O-O Bg7 9.Ne1 Nf6
10.Qc1 a6 11.a4 g5 12.Ne2 Ne7 13.c3 Ng6 14.f3 b6 15.d4 O-O 16.dxc5 dxc5 17.Nc2 Qc7
18.Bf2 Rb8 19.Ne3 g4 20.Kh1 Kh7 21.Ng3 b5 22.axb5 axb5 23.Bd5 gxf3 24.gxf3 Nf4
25.Qc2 N6xd5 26.exd5+ f5 27.Ngxf5 Kh8 28.Rg1 Bf6 29.Nxh6 Nh3 30.Rg2 Bg5 31.Nhf5 Qh7
32.Nd6 Rxf3 33.Qxh7+ Kxh7 34.Ra7+ Kg6 35.Ne4 Nxf2+ 36.Nxf2 Rxf2 37.Rxf2 Bxe3
38.Rg2+ Kf6 39.Rgg7 Kf5 40.Kg2 c4 41.Rae7 Bc5 42.Rc7 Bb6 43.Rce7 Bc5 44.Rc7 Bb6
45.Rce7  1/2-1/2

[Event "TCh-CZE Div1 Vychod 2012-13"]
[Site "Czech Republic CZE"]
[Date "2013.04.21"]
[Round "11.2"]
[White "Ponizil,C"]
[Black "Blahynka,M"]
[Result "1-0"]
[WhiteElo "2377"]
[BlackElo "2153"]
[ECO "B78"]

1.e4 c5 2.Nf3 Nc6 3.Nc3 g6 4.d4 cxd4 5.Nxd4 Bg7 6.Be3 Nf6 7.Bc4 d6 8.f3 O-O
9.Qd2 Bd7 10.O-O-O Rb8 11.Bb3 Na5 12.Bh6 Bxh6 13.Qxh6 b5 14.h4 e5 15.Nde2 b4
16.Nd5 Nxb3+ 17.cxb3 Nxd5 18.Rxd5 Be6 19.Rd2 Rb6 20.Kb1 f6 21.Qe3 Qe7 22.g4 Rc6
23.g5 f5 24.Rc1 Rxc1+ 25.Nxc1 fxe4 26.fxe4 Rf4 27.Rf2 Qf7 28.Nd3 Rxf2 29.Nxf2 a5
30.Kc1 Qc7+ 31.Kd2 d5 32.exd5 Bxd5 33.Ng4 Qd8 34.Qd3 Kf7 35.Nxe5+ Ke6 36.Ng4 Qd6
37.Nf6 Qh2+ 38.Qe2+ Qxe2+ 39.Kxe2 h5 40.Ke3 Ke5 41.Nd7+ Kf5 42.Nb6 Bh1 43.Nc4 Kg4
44.Ne5+ Kxh4 45.Kf4 Be4 46.Kxe4 Kxg5 47.Kf3 Kf5 48.Nc6 g5 49.Nxa5 h4 50.Nc4 g4+
51.Kg2  1-0

[Event "48th Capablanca Open I 2013"]
[Site "Havana CUB"]
[Date "2013.04.21"]
[Round "1.51"]
[White "Diaz Hernandez,H"]
[Black "Espinosa Garcia,S"]
[Result "1-0"]
[WhiteElo "2345"]
[BlackElo "2089"]
[ECO "B35"]

1.e4 c5 2.Nf3 Nc6 3.Nc3 g6 4.d4 cxd4 5.Nxd4 Bg7 6.Be3 Nf6 7.Bc4 O-O 8.Bb3 a5
9.O-O d6 10.Ndb5 Ng4 11.Bc1 Bd7 12.h3 Nf6 13.Qe2 Qc8 14.Bg5 Ra6 15.Rad1 h6
16.Bxf6 Bxf6 17.Nd5 Bg7 18.a4 Qd8 19.Ndc7 Nd4 20.Rxd4 Bxd4 21.Nxa6 Bxb5 22.axb5 bxa6
23.c3 Bc5 24.bxa6 Qb6 25.Bd5 Kg7 26.Kh2 Qc7 27.f4 f6 28.Qb5 Rb8 29.Bb7 g5
30.b4 Be3 31.fxg5 hxg5 32.Qxa5 Qxc3 33.Kh1 Rh8 34.e5 dxe5 35.a7 Bf4 36.Bf3 g4
37.a8=Q Rxa8 38.Qxa8 gxf3 39.Qxf3 Qxb4 40.g3 Bg5 41.h4 Bd2 42.Kh2 e4 43.Qg4+ Kf7
44.Rf2 Qd4 45.Re2 Be3 46.h5 Kf8 47.Qg6 Bg1+ 48.Kg2 e3 49.Rc2 e6 50.Rc8+ Ke7
51.Qe8+ Kd6 52.Rc6+  1-0

[Event "48th Capablanca Open I 2013"]
[Site "Havana CUB"]
[Date "2013.04.21"]
[Round "1.33"]
[White "Martin del Campo,R"]
[Black "Cruz de la Osa,R"]
[Result "1-0"]
[WhiteElo "2400"]
[BlackElo "2223"]
[ECO "B30"]

1.e4 c5 2.Nf3 Nc6 3.Nc3 Nf6 4.Bb5 Nd4 5.e5 Nxb5 6.Nxb5 Nd5 7.O-O a6 8.c4 Nc7
9.Nc3 g6 10.d4 cxd4 11.Qxd4 Bg7 12.Qh4 O-O 13.Bh6 b6 14.Ng5 f6 15.exf6 exf6
16.Bxg7 fxg5 17.Qh6 Rf5 18.Rfe1 Ne6 19.Be5 Bb7 20.Nd5 Rc8 21.Bc3 Rf7 22.Rad1 Bxd5
23.cxd5 Nf4 24.g3 Nh5 25.Re5 Qf8 26.Qxf8+ Rcxf8 27.Bd4 b5 28.Rxg5 Rc8 29.Rd2 Nf6
30.Re5 Ne8 31.Rde2 Nd6 32.b3 b4 33.Kg2 Rc1 34.Be3 Rc8 35.Bh6 a5 36.h4 Ra8
37.g4 Rc8 38.f3 Ra8 39.Kg3 Rc8 40.Re1 Ra8 41.Re7 Rc8 42.Bf4 Nb5 43.d6 Nd4
44.Rxf7 Kxf7 45.Re7+ Kg8 46.Be5 Ne2+ 47.Kf2 Rc2 48.Rxd7 Rxa2 49.Rg7+ Kf8
50.Ke3 Nc1 51.d7 Re2+ 52.Kd4 Rd2+ 53.Kc4 Ne2 54.Rxh7 Ng1 55.Bd4  1-0

[Event "Zonal 2.5 2013"]
[Site "Montevideo URU"]
[Date "2013.04.21"]
[Round "4.11"]
[White "Zacarias,M"]
[Black "Bustelo,T"]
[Result "1/2-1/2"]
[WhiteElo "2186"]
[BlackElo "2079"]
[ECO "B72"]

1.e4 c5 2.Nf3 Nc6 3.Nc3 g6 4.d4 cxd4 5.Nxd4 Bg7 6.Be3 d6 7.Be2 Nf6 8.Nb3 O-O
9.f4 Be6 10.g4 Rc8 11.g5 Nd7 12.h4 Na5 13.Bd4 Bxb3 14.axb3 e5 15.fxe5 dxe5
16.Be3 Nc6 17.Bg4 Nd4 18.Rh2 Rc6 19.Bxd7 Qxd7 20.Nd5 f5 21.gxf6 Bxf6 22.Bxd4 exd4
23.Qe2 Be5 24.Rg2 Rfc8 25.Qd3 Qd8 26.O-O-O Qxh4 27.Rf1 Re8 28.Qf3 Qh6+ 29.Kb1 Qg7
30.Rgf2 Rce6 31.Qh3 g5 32.Rf8+ Qxf8 33.Rxf8+ Kxf8 34.Qxh7 Bf4 35.Qh8+ Kf7
36.Qh7+ Kf8 37.Qf5+ Kg7 38.Nxf4 gxf4 39.Qxf4 Rxe4 40.Qg5+ Kh7 41.Qh5+ Kg7
42.Qg5+ Kh7 43.Qh5+ Kg7 44.Qg5+  1/2-1/2

[Event "ch-LTU 2013"]
[Site "Vilnius LTU"]
[Date "2013.04.21"]
[Round "2.6"]
[White "Juknis,P"]
[Black "Tvarijonas,T"]
[Result "1-0"]
[WhiteElo "2167"]
[BlackElo "2104"]
[ECO "B23"]

1.e4 c5 2.Nc3 Nc6 3.Bb5 Nd4 4.Bc4 e6 5.Nge2 Nf6 6.O-O d5 7.exd5 exd5 8.Nxd5 Nxd5
9.Nxd4 cxd4 10.Qh5 Be6 11.Re1 Be7 12.Rxe6 O-O 13.Re1 Nb4 14.Qd1 d3 15.cxd3 Bc5
16.a3 Nxd3 17.Bxd3 Qxd3 18.Qe2 Qd7 19.d3 Rfd8 20.Rd1 Bd4 21.Be3 Qb5 22.Rd2 Rac8
23.Rad1 h6 24.g3 a5 25.Kg2 Qd5+ 26.Qf3 Qb3 27.Bxd4 Rxd4 28.h3 Rcd8 29.Re1 Kf8
30.Re3 Qb5 31.Kh2 a4 32.Qe2 Qd5 33.Re5 Qd7 34.Re4 Kg8 35.Rxd4 Qxd4 36.Qe3 Qd5
37.d4 b5 38.f4 Rc8 39.Qe5 Qf3 40.Qe2 Qd5 41.Qg2 Qd6 42.d5 Rc1 43.Qf2 Rc4
44.Qe3 Kf8 45.Re2 Qd7 46.Qe5 f6 47.Qe3 Rc8 48.Qd3 Rc5 49.d6 Rc6 50.Rd2 Rc1
51.Qd5 Qa7 52.Qg2 Qd7 53.Qd5 Qa7 54.Rg2 Qd7 55.Re2 Rc6 56.Re7 Rc2+ 57.Kg1 Rc1+
58.Kf2 Rc2+ 59.Ke1  1-0

[Event "48th Capablanca Open I 2013"]
[Site "Havana CUB"]
[Date "2013.04.22"]
[Round "2.38"]
[White "Gongora Montes,B"]
[Black "Ortega,Mariano"]
[Result "1-0"]
[WhiteElo "2253"]
[BlackElo "2446"]
[ECO "B30"]

1.e4 c5 2.Nf3 Nc6 3.Nc3 d6 4.Bb5 e5 5.d3 Be7 6.O-O Nf6 7.Bg5 O-O 8.Bxf6 Bxf6
9.Nd5 g6 10.Nxf6+ Qxf6 11.h3 g5 12.Bxc6 bxc6 13.Nd2 Qh6 14.Re1 f5 15.exf5 Bxf5
16.Re3 Rf7 17.Qe2 Raf8 18.Rf1 Rg7 19.Rg3 Bd7 20.Ne4 Rf4 21.Qd2 Bf5 22.Re1 Rg6
23.Qa5 Qf8 24.Nxg5 h6 25.Nf3 Qb8 26.b3 Rxg3 27.fxg3 Rb4 28.a3 Rb7 29.Nh4 Bh7
30.Qa4 Qe8 31.Rf1 e4 32.Qc4+ d5 33.Qxc5 exd3 34.cxd3 Bxd3 35.Rf6 Qe1+ 36.Kh2 Rg7
37.Qd6 h5 38.Qb8+ Kh7 39.Rf8 Re7 40.Rh8+  1-0

[Event "Zonal 2.5 2013"]
[Site "Montevideo URU"]
[Date "2013.04.22"]
[Round "5.23"]
[White "Milan,J"]
[Black "Campiglia,Guido"]
[Result "1/2-1/2"]
[WhiteElo "1704"]
[BlackElo "1871"]
[ECO "B23"]

1.e4 c5 2.Nc3 Nc6 3.Bb5 a6 4.Bxc6 bxc6 5.d3 e5 6.Nf3 d6 7.Bd2 g6 8.h3 Bg7
9.Qc1 h6 10.Ne2 Nf6 11.O-O Be6 12.c4 Rb8 13.b3 Qc8 14.Ng3 Kf8 15.Rb1 Kg8
16.b4 Nd7 17.h4 Kh7 18.h5 Rf8 19.Nh2 Rb7 20.Qa3  1/2-1/2

[Event "7th Agzamov Memorial"]
[Site "Tashkent UZB"]
[Date "2013.04.22"]
[Round "9"]
[White "Galyamov,V"]
[Black "Baymuradova,S"]
[Result "0-1"]
[WhiteElo "2182"]
[BlackElo "2097"]
[ECO "B56"]

1.e4 c5 2.Nf3 Nc6 3.Nc3 Nf6 4.d4 cxd4 5.Nxd4 d6 6.h3 g6 7.g4 Bg7 8.Bg2 O-O
9.Nde2 Be6 10.O-O Rc8 11.Nd5 Nd7 12.Nef4 Bxd5 13.exd5 Nce5 14.a4 Qc7 15.c3 a6
16.Ne2 Nc5 17.Ra2 b5 18.axb5 axb5 19.f4 Ned3 20.Be3 b4 21.Nd4 bxc3 22.bxc3 Rb8
23.Qc2 Rb7 24.Rd1 Rc8 25.Rxd3 Nxd3 26.Qxd3 Qxc3 27.Rd2 h6 28.Qe2 Rc4 29.Nc2 Rb1+
30.Bf1 Rc1 31.Ne1 Re4 32.Ng2 Rb1 33.Kh2 g5 34.fxg5 Be5+ 35.Kg1 hxg5 36.Qf2 f6
37.Qe2 Ra4 38.Rd1 Raa1 39.Rxb1 Rxb1 40.Qf2 Qc4 41.Qf3 Qd3 42.h4 gxh4 43.Nxh4 Rxf1+
44.Qxf1 Qxe3+ 45.Qf2 Qh3 46.Nf5 Kf7 47.Qg2 Qd3 48.Nh6+ Ke8 49.Nf5 Qd1+ 50.Kf2 Kd7
51.Ne3 Bd4 52.Qf3 Qd2+ 53.Qe2 Bxe3+ 54.Kf3 Qxe2+  0-1

[Event "48th Capablanca Open I 2013"]
[Site "Havana CUB"]
[Date "2013.04.23"]
[Round "3.19"]
[White "Fleites Marti,Y"]
[Black "Garcia Pantoja,R"]
[Result "1/2-1/2"]
[WhiteElo "2171"]
[BlackElo "2425"]
[ECO "B35"]

1.e4 c5 2.Nc3 Nc6 3.Nf3 g6 4.d4 cxd4 5.Nxd4 Bg7 6.Be3 Nf6 7.Bc4 O-O 8.Bb3 d6
9.f3 Bd7 10.Qd2 Nxd4 11.Bxd4 b5 12.h4 a5 13.h5 e5 14.hxg6 exd4 15.Bxf7+ Rxf7
16.gxf7+ Kxf7 17.Ne2 Qb6 18.Nxd4 Nxe4 19.fxe4 Qxd4 20.Qxd4 Bxd4 21.Rxh7+ Ke6
22.O-O-O Be3+ 23.Kb1 Rg8 24.a4 Rxg2 25.e5 d5 26.Rxd7 Kxd7 27.Rxd5+ Kc6 28.Rxb5 Bb6
29.c3 Re2 30.Ka2 Bc7 31.Kb3 Re4 32.Ka3 Re1 33.Ka2 Bb6 34.b4 axb4 35.cxb4 Re3
36.e6 Rxe6 37.Rh5 Bd4 38.Kb3 Re4 39.Rh6+ Kd5 40.a5 Be3 41.Rh7 Kc6 42.Rh8 Bd2
43.Rc8+ Kb7 44.Rc4 Re3+ 45.Ka4 Re1 46.Kb5 Re5+  1/2-1/2

[Event "48th Capablanca Open II 2013"]
[Site "Havana CUB"]
[Date "2013.04.24"]
[Round "4.21"]
[White "Espin Diaz,E"]
[Black "Echevarria Del Toro,Vladimir"]
[Result "1/2-1/2"]
[WhiteElo "1870"]
[BlackElo "2145"]
[ECO "B35"]

1.e4 c5 2.Nf3 Nc6 3.Nc3 g6 4.d4 cxd4 5.Nxd4 Bg7 6.Be3 Nf6 7.Bc4 Qa5 8.O-O O-O
9.Bb3 d6 10.h3 Bd7 11.Re1 Rac8 12.Qd2 Rfd8 13.Rad1 Be8 14.Nxc6 bxc6 15.Bh6 e6
16.Bxg7 Kxg7 17.e5 dxe5 18.Qg5 Rxd1 19.Rxd1 Qc7 20.Bc4 c5 21.Re1 e4 22.Nxe4 Nxe4
23.Rxe4 h6 24.Qe3 Rd8 25.Qc3+ Kh7 26.Re1 Rd4  1/2-1/2

[Event "48th Capablanca Open II 2013"]
[Site "Havana CUB"]
[Date "2013.04.24"]
[Round "4.3"]
[White "Quesda Chow,I"]
[Black "Gomez Sanchez,Jorge Marco"]
[Result "1-0"]
[WhiteElo "2217"]
[BlackElo "2180"]
[ECO "B23"]

1.e4 c5 2.Nc3 Nc6 3.Bb5 Nd4 4.Bc4 e6 5.Nge2 a6 6.Nxd4 cxd4 7.Ne2 b5 8.Bb3 Bb7
9.d3 Bc5 10.c3 dxc3 11.bxc3 Bb6 12.O-O Ne7 13.Ng3 d5 14.Qg4 O-O 15.h4 Ng6
16.Bg5 Qc7 17.d4 dxe4 18.h5 Ne7 19.Bf6 Ng6 20.hxg6 hxg6 21.Be5 Qxc3 22.Rac1 Qb4
23.Bxe6 Bxd4 24.Bxd4 Qxd4 25.Bb3 a5 26.Qxg6 a4 27.Nf5 Qc5 28.Bxf7+  1-0

[Event "48th Capablanca Open I 2013"]
[Site "Havana CUB"]
[Date "2013.04.25"]
[Round "5.24"]
[White "Fleites Marti,Y"]
[Black "Vega,L"]
[Result "1/2-1/2"]
[WhiteElo "2171"]
[BlackElo "2362"]
[ECO "B30"]

1.e4 c5 2.Nf3 Nc6 3.Nc3 e5 4.Bc4 Be7 5.d3 d6 6.O-O Nf6 7.Ng5 O-O 8.f4 h6
9.Nf3 exf4 10.Bxf4 Be6 11.Nd5 Bxd5 12.Bxd5 Nxd5 13.exd5 Ne5 14.Bxe5 dxe5
15.c4 Bd6 16.g4 b5 17.Qe2 bxc4 18.dxc4 e4 19.Qxe4 Re8 20.Qd3 Qf6 21.Rf2 Qf4
22.Qf5 Re4 23.Qxf4 Rxf4 24.h3 Rxc4 25.Re2 Rb8 26.Rae1 Kh7 27.Kg2 Rcb4 28.b3 a5
29.Ne5 Bxe5 30.Rxe5 Rd4 31.R1e2 a4 32.bxa4 Ra8 33.d6 Raxa4 34.Rxc5 Rxd6 35.Rf5 Rd7
36.Ref2 f6 37.R5f4 Rda7 38.Rxa4 Rxa4 39.Rb2 h5 40.gxh5 Kh6 41.Rb5 Rxa2+ 42.Kg3 Ra4
43.Rc5 Ra3+ 44.Kg4 Rb3 45.Ra5 Rb1 46.Rc5 Rg1+ 47.Kf4 Rg2 48.Ra5 Rg1 49.Rc5 Rg2  1/2-1/2

[Event "Zonal 2.5 2013"]
[Site "Montevideo URU"]
[Date "2013.04.25"]
[Round "9.3"]
[White "Bachmann,Ax"]
[Black "Alonso,S"]
[Result "1/2-1/2"]
[WhiteElo "2529"]
[BlackElo "2521"]
[ECO "B34"]

1.e4 c5 2.Nc3 Nc6 3.Nf3 g6 4.d4 cxd4 5.Nxd4 Bg7 6.Nb3 Bxc3+ 7.bxc3 Nf6 8.Bd3 d5
9.exd5 Qxd5 10.O-O O-O 11.c4 Qd6 12.h3 Rd8 13.Qe2 b6 14.Bb2 Be6 15.Qe3 Qc7
16.Rfe1 a5 17.Nd4 Nxd4 18.Bxd4 Rd7 19.Bxb6 Qc8 20.Qf3 Rb8 21.c5 Nd5 22.Bxa5 Qxc5
23.Bd2 Qa3 24.Bh6 Rbd8 25.Qg3 Qc3 26.a3 Ra7 27.Qe5 Rda8 28.Qxc3 Nxc3 29.Bc1 Bf5
30.Bxf5 gxf5 31.Re3 Rc8 32.Rg3+ Kf8 33.Bh6+ Ke8 34.Rg8+ Kd7 35.Rg7 f6 36.Re1 Nd5
37.Rxh7 Rxc2 38.h4 Rxa3 39.Bf8 Raa2 40.Bxe7 Kc6 41.Re6+ Kb5 42.Rd6 Nf4 43.Rxf6 Rxf2
44.Rxf5+ Kc4 45.Rxf4+ Rxf4 46.Rg7 Ra7 47.h5 Re4 48.Bf6 Rxg7 49.Bxg7 Rh4 50.h6 Kd5
51.g3 Rh5 52.Kg2 Ke6 53.g4 Rh4 54.Kg3 Rh1 55.Kf4 Kf7 56.Kg5 Rh3 57.Be5 Rh1
58.Bf4 Rb1 59.Be5 Rb5 60.Kf5 Kg8 61.g5 Kh7 62.Kf6 Rb6+ 63.Kf5 Rxh6 64.gxh6 Kxh6  1/2-1/2

[Event "Maharashtra Chess League 2013"]
[Site "Pune IND"]
[Date "2013.04.25"]
[Round "3"]
[White "Narayanan,SL"]
[Black "Swathi,G"]
[Result "1-0"]
[WhiteElo "2418"]
[BlackElo "2260"]
[ECO "B23"]

1.e4 c5 2.Nc3 Nc6 3.Bb5 Nd4 4.Bc4 g6 5.Nf3 Bg7 6.Nxd4 cxd4 7.Qf3 Nf6 8.Ne2 e5
9.c3 O-O 10.cxd4 exd4 11.O-O Re8 12.Ng3 d5 13.exd5 b6 14.d3 Bg4 15.Qf4 Bc8
16.Ne4 Nxd5 17.Qg3 Bf5 18.Bg5 Qd7 19.Rfe1 Be6 20.Qd6 Qb7 21.Bb5 Rec8 22.Qg3 Qc7
23.Nd6 Rd8 24.Bxd8 Rxd8 25.Ne8 Qxg3 26.hxg3 Bh6 27.Bc4 Bg5 28.Bxd5 Bxd5 29.f4 Bc6
30.fxg5 Bxe8 31.a4 Kf8 32.b3 Bd7 33.Rac1 Be6 34.b4 Rd5 35.Rc7 a5 36.b5 Rxg5
37.Re4 Rxg3 38.Rxd4 Bh3 39.Kh2  1-0

[Event "Maharashtra Chess League 2013"]
[Site "Pune IND"]
[Date "2013.04.26"]
[Round "5"]
[White "Udeshi,A"]
[Black "Kiran,M"]
[Result "1/2-1/2"]
[WhiteElo "2416"]
[BlackElo "2195"]
[ECO "B89"]

1.e4 c5 2.Nf3 Nc6 3.Nc3 d6 4.d4 cxd4 5.Nxd4 e6 6.Bc4 Nf6 7.Be3 a6 8.Qe2 Qc7
9.O-O-O b5 10.Bb3 Na5 11.f3 Nxb3+ 12.axb3 b4 13.Na4 Nd7 14.Qc4 Qxc4 15.bxc4 Bb7
16.b3 Be7 17.Bd2 Nc5 18.Nb2 a5 19.Nb5 O-O 20.Be3 Rfd8 21.Bxc5 dxc5 22.Rxd8+ Rxd8
23.Rd1 Bg5+ 24.Kb1 Rxd1+ 25.Nxd1 Kf8 26.Nf2 Ke7 27.Nd3 Be3 28.e5 f6 29.Nd6 Bc6
30.exf6+ gxf6 31.Ne4 Bxe4 32.fxe4 h5 33.Kb2 e5 34.c3 Ke6 35.cxb4 axb4 36.Kc2 f5
37.exf5+ Kxf5 38.Kd1 e4 39.Ne1 Bg1 40.h3 h4 41.Ke2 Kf4 42.Nc2 Kg3 43.Kf1 Bf2
44.Na1 Bd4 45.Nc2 Bf2 46.Na1 Be3 47.Nc2 Kf4 48.Ke2 Bc1 49.Kf1 Be3 50.Ke2 Bc1
51.Kf1 Ke5 52.Ke2 Bf4 53.Kf1 Bc1 54.Ke2  1/2-1/2

[Event "TCh-CZE Extraliga 2012-13"]
[Site "Czech Republic CZE"]
[Date "2013.04.27"]
[Round "10.6"]
[White "Berzinsh,R"]
[Black "Mudrak,J"]
[Result "1-0"]
[WhiteElo "2405"]
[BlackElo "2323"]
[ECO "B23"]

1.e4 c5 2.Nc3 Nc6 3.Bb5 e5 4.Bxc6 bxc6 5.d3 Rb8 6.Nge2 g6 7.O-O Bg7 8.b3 Ne7
9.f4 exf4 10.Bxf4 d6 11.h3 O-O 12.Qe1 Be6 13.Qg3 Nc8 14.e5 d5 15.Bg5 Qc7
16.Bf6 Bxf6 17.Rxf6 Nb6 18.Qg5 Nd7 19.Nf4 Qxe5 20.Qxe5 Nxe5 21.Nxe6 fxe6
22.Rxe6 Rbe8 23.Rxe8 Rxe8 24.Rf1 Kg7 25.Rf4 Re7 26.Ra4 g5 27.Ra5 g4 28.Kh2 gxh3
29.Kxh3 c4 30.bxc4 dxc4 31.d4 Nf7 32.Kg4 Rb7 33.Ne4 c3 34.Kf3 Rb2 35.Rxa7 Kf8
36.Nxc3 Rxc2 37.Ne4 h6 38.g3 Rc1 39.a4 Rf1+ 40.Ke2 Ra1 41.a5 Ra3 42.Kd2 Nd8
43.Nc5 Rxg3 44.a6 Nf7 45.Ne6+ Ke8 46.Rb7 Ra3 47.a7 Nd8 48.Nxd8  1-0

[Event "TCh-CZE Extraliga 2012-13"]
[Site "Czech Republic CZE"]
[Date "2013.04.27"]
[Round "10.4"]
[White "Hracek,Z"]
[Black "Kourousis,E"]
[Result "1/2-1/2"]
[WhiteElo "2615"]
[BlackElo "2354"]
[ECO "B30"]

1.e4 c5 2.Nf3 Nc6 3.Nc3 e5 4.Bc4 Be7 5.d3 Nf6 6.Nd2 d6 7.Nf1 O-O 8.Ne3 Be6
9.O-O Nd7 10.Ncd5 Bg5 11.c3 Kh8 12.g3 Bh6 13.Qh5 Ne7 14.Nxe7 Qxe7 15.Nf5 Bxf5
16.Qxf5 g6 17.Qf3 Bxc1 18.Raxc1 Kg7 19.Qe3 Rac8 20.a4 Nb8 21.f4 f6 22.f5 Na6
23.h4 Nc7 24.Qf3 Rcd8 25.Bd5 Nxd5 26.exd5 Qd7 27.Qe4 Rc8 28.Ra1 Qc7 29.b3 Qb6
30.Qc4 Qa6 31.Qb5 Qxb5 32.axb5 Ra8 33.Ra5 gxf5 34.Rxf5 a6 35.Rf2 axb5 36.Rxb5 Rf7
37.Kg2 h5 38.Rb6 Ra6 39.Rxa6  1/2-1/2

[Event "48th Capablanca Open II 2013"]
[Site "Havana CUB"]
[Date "2013.04.27"]
[Round "6.4"]
[White "Pozo Bravo,J"]
[Black "Gomez Sanchez,Jorge Marco"]
[Result "0-1"]
[WhiteElo "2214"]
[BlackElo "2180"]
[ECO "B23"]

1.e4 c5 2.Nc3 Nc6 3.Bb5 Nd4 4.Bc4 e6 5.Nf3 Ne7 6.Nxd4 cxd4 7.Ne2 Nc6 8.d3 b5
9.Bb3 a5 10.a4 bxa4 11.Bxa4 Bb4+ 12.Bd2 Bxd2+ 13.Qxd2 Qb6 14.O-O Bb7 15.f4 O-O
16.f5 exf5 17.Rxf5 Qxb2 18.Raf1 Nd8 19.Bxd7 Bc6 20.Bxc6 Nxc6 21.Rc5 Qb6 22.Rc4 a4
23.Ra1 a3 24.Nc1 Rfb8 25.Nb3 Na5 26.Nxa5 Rxa5 27.Rc6 Qxc6 28.Qxa5 Qxc2 29.Qxa3 h6
30.Qa6 Rb2 31.Qa8+ Kh7 32.e5 Qxd3 33.Qd5 Qe3+ 34.Kh1 Re2 35.h3 Qxe5 36.Qxf7 d3
37.Rg1 d2 38.Qb3 Qe4 39.Qd1 Kh8 40.Kh2 Qf4+ 41.Kh1 Qe3 42.Qc2 Re1 43.Qc8+ Qe8
44.Qg4 Qd8  0-1